| 000 | 01256nam0a2200373 4500 | ||
|---|---|---|---|
| 001 | RU\NLR\bibl\211368 | ||
| 005 | 20250619100958.0 | ||
| 010 |
_a5-8174-0213-0 _912000 |
||
| 021 |
_aRU _b2001-33985 _91616 |
||
| 035 | _a(NLR Aleph) 000207575 | ||
| 090 |
_a1204334 _c1204334 |
||
| 100 | _a20011129d2001 |||y0rusy50 ca | ||
| 101 | 0 | _arus | |
| 102 | _aRU | ||
| 105 | _aa ||||||||| | ||
| 200 | 1 |
_aСеребро исцеляющее и омолаживающее _fАнастасия Артемова |
|
| 210 |
_aМ. _aСПб. _cДиля _d2001 |
||
| 215 |
_a137, [5] с. _cил. _d20 |
||
| 225 | 1 | _aПутешествие за здоровьем | |
| 320 | _aБиблиогр. в конце кн. | ||
| 606 | 0 |
_aСеребро _xЛечебное применение _92231563 _3RU\NLR\auth\661339395 |
|
| 610 | 0 | _aСеребро - Лечебное применение | |
| 675 |
_a615.326:549.282 _v3 _zrus |
||
| 686 |
_a76.31 _2rugasnti |
||
| 686 |
_a52.81 _2rubbk |
||
| 686 | _aР358.9 | ||
| 700 | 1 |
_aАртемова _gАнастасия _4070 |
|
| 801 | 0 |
_aRU _bRKP _c20011129 _gPSBO |
|
| 801 | 1 |
_aRU _bRKP _c20011129 |
|
| 801 | 2 |
_aRU _bNLR _c20020205 _grcr |
|
| 942 | _cBOOK | ||
| 980 | _aNB | ||